Personálny lízing má zelenú

Práca personálno-poradenskej firmy Temps. Služby spojené s hľadaním pracovných miest - personálny leasing. Služby: personálne poradenstvo, marketingové služby, konferencie.

Na minha lista:
Detalhes bibliográficos
Autor principal: Sirota, Ľ.
Outros Autores: Polakovič, Ivan
Formato: Capítulo de Livro
Idioma:eslovaco
Assuntos:
Tags: Adicionar Tag
Sem tags, seja o primeiro a adicionar uma tag!

MARC

LEADER 00000naa a2200000 4500
001 r026339
005 20251104123621.9
041 0 |a slo 
044 |a SK 
245 1 0 |a Personálny lízing má zelenú  |c Ľ. Sirota, Ivan Polakovič 
520 |a Práca personálno-poradenskej firmy Temps. Služby spojené s hľadaním pracovných miest - personálny leasing. Služby: personálne poradenstvo, marketingové služby, konferencie. 
610 2 0 |a poradenstvo profesionálne 
610 2 0 |a poradenstvo personálne 
610 2 0 |a Temps, s.r.o. Bratislava 
610 2 0 |a lízing personálny 
100 1 |a Sirota, Ľ. 
700 1 |a Polakovič, Ivan